02026naa a2200145 a 450000100080000000500110000800800410001910000170006024500910007726000090016852016030017765300240178065300120180477300640181611268702017-11-17 2016 bl uuuu u00u1 u #d1 aALVES, J. R. aEvolu????o de pre??os de insumos e servi??os nos ??ltimos anos.h[electronic resource] c2016 aA an??lise do custo de produ????o de uma atividade produtiva, com vistas a verificar se os produtores est??o obtendo lucro ou preju??zo com a atividade, passa necessariamente pela observa????o da evolu????o ao longo do tempo dos pre??os dos principais fatores de produ????o envolvidos nos sistemas de produ????o. ?? certo que fatores clim??ticos e conjunturas econ??mica nacionais e internacionais muitas vezes s??o mais deter-minantes no resultado econ??mico final da atividade produtiva, mas esses fatores normalmente s??o de dif??cil controle e mensura????o por parte dos produtores. Entretanto, a varia????o de pre??os de insumos est?? mais presente no cotidiano dos produtores e, por isso, torna-se pass??vel de mensura????o. O presente estudo ?? uma an??lise comparativa do comportamento dos pre??os de grupos de insumos e servi??os utilizados nas principais cadeias produtivas da agropecu??ria catarinenses, do ??ndice Geral de Pre??os ? ?Disponibilidade Interna? (IGP-DI) e da taxa de c??mbio do d??lar dos Estados Unidos, no per??odo de novembro/2013 a outubro/2016. A compara????o com o IGP-DI se d?? porque esse ?? um ??ndice que mede o comportamento dos pre??os em geral da economia brasileira e com a taxa de c??mbio do d??lar dos Estados Unidos porque essa ?? a moeda estrangeira mais negociada no Brasil e pelo fato de que muitos insumos utilizados na agropecu??ria s??o importados e/ou t??m seus pre??os influenciados por essa taxa de c??mbio, al??m de o seu comportamento influenciar diretamente na competitividade da economia brasileira em geral e da agropecu??ria em particular. ainsumos e servi??os aPre??os tBoletim Agropecu??rio, Florian??polisgn. 45, p. 7-8, 2016.